Isaac Newton / (Record no. 21612)

MARC details
000 -LEADER
fixed length control field 03382nam a22003977a 4500
008 - FIXED-LENGTH DATA ELEMENTS--GENERAL INFORMATION
fixed length control field 090120t xxu||||| |||| 00| 0 eng d
010 ## - LCCN (DPL NO)
LC control number B-358954
020 ## - INTERNATIONAL STANDARD BOOK NUMBER
International Standard Book Number 8189973436
Terms of availability 50.00
020 ## - INTERNATIONAL STANDARD BOOK NUMBER
International Standard Book Number 9788189973438
Terms of availability 50.00
035 ## - SYSTEM CONTROL NUMBER
System control number B-358954
035 ## - SYSTEM CONTROL NUMBER
System control number B-332520-530
037 ## - SOURCE OF ACQUISITION
Source of stock number/acquisition Blueberry Books
040 ## - CATALOGING SOURCE
Original cataloging agency dpl
Language of cataloging English
082 ## - DEWEY DECIMAL CLASSIFICATION NUMBER
Classification number 509.2
100 ## - MAIN ENTRY--PERSONAL NAME
Personal name Bansal, Malti
245 ## - TITLE STATEMENT
Title Isaac Newton /
Statement of responsibility, etc by Malti Bansal
260 ## - PUBLICATION, DISTRIBUTION, ETC. (IMPRINT)
Place of publication, distribution, etc New Delhi
Name of publisher, distributor, etc Mind Melodies
Date of publication, distribution, etc 2008
270 ## - ADDRESS
Address A-18, Mohan Garden, Near Nawada Metro Station
City New Delhi
300 ## - PHYSICAL DESCRIPTION
Extent 24 p.
Other physical details ill.
Dimensions 24cm(pbk)
490 ## - SERIES STATEMENT
Series statement Meet the Glorious Scientists
942 ## - ADDED ENTRY ELEMENTS (KOHA)
Source of classification or shelving scheme Dewey Decimal Classification
Item type Children Books
Classification part 509.2
Call number suffix BAN
Holdings
Withdrawn status Lost status Source of classification or shelving scheme Damaged status Not for loan Collection code Home library Current library Date acquired Source of acquisition Cost, normal purchase price Total Checkouts Full call number Barcode Date last seen Copy number Cost, replacement price Koha item type
    Dewey Decimal Classification     Non-fiction Bawana Bawana 21/11/2009 Blueberry Books/5099/19.5.09/3/5.6.09/3.6.09 50.00 2 509.2 BAN B-332528 08/04/2023 1 50.00 Children Books
    Dewey Decimal Classification     Non-fiction Central Library Central Library 21/11/2009 Blueberry Books/5099/19.5.09/3/5.6.09/3.6.09 50.00   509.2 BAN B-332520 21/11/2009 1 50.00 Children Books
    Dewey Decimal Classification     Non-fiction Janak Puri Janak Puri 20/01/2009 Blueberry Books/5312/14.9.09/82/2.9.09/24.9.09 50.00 1 509.2 BAN B-358954 28/06/2018 1 50.00 Children Books
    Dewey Decimal Classification     Non-fiction Jor Bagh (Children Lib) Jor Bagh (Children Lib) 21/11/2009 Blueberry Books/5099/19.5.09/3/5.6.09/3.6.09 50.00   509.2 BAN B-332524 21/11/2009 1 50.00 Children Books
    Dewey Decimal Classification     Non-fiction Karol Bagh Karol Bagh 21/11/2009 Blueberry Books/5099/19.5.09/3/5.6.09/3.6.09 50.00   509.2 BAN B-332526 21/11/2009 1 50.00 Children Books
    Dewey Decimal Classification     Non-fiction Narela Narela 21/11/2009 Blueberry Books/5099/19.5.09/3/5.6.09/3.6.09 50.00   509.2 BAN B-332527 21/11/2009 1 50.00 Children Books
    Dewey Decimal Classification     Non-fiction Patel Nagar Patel Nagar 21/11/2009 Blueberry Books/5099/19.5.09/3/5.6.09/3.6.09 50.00 1 509.2 BAN B-332521 28/06/2019 1 50.00 Children Books
  Written-off vide DLB M. No. 383 dt 16.05.19 Dewey Decimal Classification     Non-fiction Peshwa Road Peshwa Road 21/11/2009 Blueberry Books/5099/19.5.09/3/5.6.09/3.6.09 50.00   509.2 BAN B-332522 21/11/2009 1 50.00 Children Books
    Dewey Decimal Classification     Non-fiction Sarojini Nagar Sarojini Nagar 21/11/2009 Blueberry Books/5099/19.5.09/3/5.6.09/3.6.09 50.00   509.2 BAN B-332523 21/11/2009 1 50.00 Children Books
  Written-off vide DLB M. No. 383 dt 16.05.19 Dewey Decimal Classification     Non-fiction Shahdara Branch Shahdara Branch 21/11/2009 Blueberry Books/5099/19.5.09/3/5.6.09/3.6.09 50.00   509.2 BAN B-332529 21/11/2009 1 50.00 Children Books
    Dewey Decimal Classification     Non-fiction Vinoba Puri Vinoba Puri 21/11/2009 Blueberry Books/5099/19.5.09/3/5.6.09/3.6.09 50.00 3 509.2 BAN B-332525 29/01/2013 1 50.00 Children Books
    Dewey Decimal Classification     Non-fiction Yojana Vihar Yojana Vihar 21/11/2009 Blueberry Books/5099/19.5.09/3/5.6.09/3.6.09 50.00   509.2 BAN B-332530 21/11/2009 1 50.00 Children Books

© Delhi Public Library
Hit Counter
free hit counter